000 00554nam a22001697a 4500
003 UA-OsUOA
001 16617
007 ta
008 20040117b un ||||| |||| 00| 0 ukr d
942 _cSA
040 _aUA-OsUOA
_cUA-OsUOA
_dUA-OsUOA
245 _aНа пологи до Млинова: [Про акушер.-гінеколог. від-ня Млинів. район. лікарні]
300 _aС.5
955 _a0
773 0 _w0
_tНаше Дзеркало
_dДубно
_d2003
_g№51/18 груд./
650 7 _aКраєзнавча робота
_2UDC
999 _c302782
_d302782